[Event "NDVM 2025 U16"]
[Site "Binz"]
[Date "2025.09.08"]
[Round "7.2"]
[White "Schäfer, Benjamin"]
[Black "Haertel, Leon"]
[Result "1-0"]
[EventDate "2025.09.05"]
[Time "08:30:00"]
[Board "2"]
[WhiteElo "1967"]
[BlackElo "1900"]
[WhiteNrv "1895"]
[BlackNrv "1892"]
[WhiteTwz "1895"]
[BlackTwz "1892"]
[WhiteTitle "-"]
[BlackTitle "-"]
[WhiteFideId "34616390"]
[BlackFideId "34623736"]
[WhiteNatFedId "10725457"]
[BlackNatFedId "10719991"]
[WhiteAttr "M"]
[BlackAttr "M"]
[WhiteTeam "SV Königsjäger Süd-West e.V."]
[BlackTeam "Hamburger SK von 1830 eV"]
[PlyCount "0"]
[Annotator "Rnd./Pair./Board: 07.001.02"]

1. d4 Nf6 2. c4 e6 3. Nc3 d5 4. cxd5 exd5 5. Bg5 c6 6. e3 h6 7. Bh4 Be7 8. Bd3 O-O 9. Nf3 Re8 10. O-O Ne4 11. Bxe7 Qxe7 12. Qc2 Nd7 13. Rab1 a5 14. a3 Nf8 15. b4 axb4 16. axb4 Bf5 17. b5 Nxc3 18. Qxc3 Ra3 19. Rb3 Rxb3 20. Qxb3 Bxd3 21. Qxd3 Qd6 22. bxc6 bxc6 23. Qa6 Nd7 24. Rc1 Re6 25. Ne1 Kh7 26. Nd3 Qb8 27. Qa4 Nb6 28. Qb4 Qa7 29. Ne5 Rxe5 30. dxe5 Nc4 31. Qc3 Qe7 32. f4 Qa7 33. Qd4 Qa3 34. Re1 Qb4 35. Rd1 g6 36. e4 dxe4 37. Rc1 Qd2 38. Qxc4 e3 39. Qc2 Qd4 40. Qe2 Qxf4 41. Rf1 Qxe5 42. Rxf7+ Kg8 43. Qf1 h5 44. Rf8+ Kg7 45. Qf7+ Kh6 46. Qf4+ 1-0

[Event "NDVM 2025 U16"]
[Site "Binz"]
[Date "2025.09.08"]
[Round "7.3"]
[White "Kellner, Anton"]
[Black "Thümler, Floris"]
[Result "1/2-1/2"]
[EventDate "2025.09.05"]
[Time "08:30:00"]
[Board "3"]
[WhiteElo "1869"]
[BlackElo "1844"]
[WhiteNrv "1813"]
[BlackNrv "1747"]
[WhiteTwz "1813"]
[BlackTwz "1747"]
[WhiteTitle "-"]
[BlackTitle "-"]
[WhiteFideId "16293185"]
[BlackFideId "16296435"]
[WhiteNatFedId "10677811"]
[BlackNatFedId "10720115"]
[WhiteAttr "M"]
[BlackAttr "M"]
[WhiteTeam "Hamburger SK von 1830 eV"]
[BlackTeam "SV Königsjäger Süd-West e.V."]
[PlyCount "0"]
[Annotator "Rnd./Pair./Board: 07.001.03"]

1. d4 d5 2. c4 e6 3. Nc3 c6 4. e4 dxe4 5. Nxe4 Bb4+ 6. Nc3 c5 7. a3 cxd4 8. axb4 dxc3 9. Qxd8+ Kxd8 10. bxc3 b6 11. Nf3 Nd7 12. Be3 Bb7 13. Bd3 Ngf6 14. Nd4 Ke7 15. Nb3 Rhd8 16. O-O Kf8 17. Ra3 Ng4 18. Bf4 e5 19. Bg3 e4 20. Be2 Nge5 21. Rb1 a6 22. Bxe5 Nxe5 23. c5 b5 24. Kf1 Nd3 25. Na5 Bc8 26. Nc6 Rd5 27. Bxd3 Rxd3 28. Na5 f5 29. Ke1 f4 30. Rd1 Bg4 31. Rxd3 exd3 32. f3 Bf5 33. Ra2 g5 34. Nb7 Re8+ 35. Kd1 Be6 36. Rb2 g4 37. Nd6 Re7 38. Ne4 gxf3 39. gxf3 Bd5 40. Kd2 Bc4 41. Ke1 Bd5 42. Kd2 Bc4 1/2-1/2

[Event "NDVM 2025 U16"]
[Site "Binz"]
[Date "2025.09.08"]
[Round "7.4"]
[White "Bickerich, Philipp"]
[Black "Gretzinger, Maximilian"]
[Result "1/2-1/2"]
[EventDate "2025.09.05"]
[Time "08:30:00"]
[Board "4"]
[WhiteElo "1612"]
[BlackElo "1752"]
[WhiteNrv "1542"]
[BlackNrv "1683"]
[WhiteTwz "1542"]
[BlackTwz "1683"]
[WhiteTitle "-"]
[BlackTitle "-"]
[WhiteFideId "34604995"]
[BlackFideId "34694960"]
[WhiteNatFedId "10705569"]
[BlackNatFedId "10840697"]
[WhiteAttr "M"]
[BlackAttr "M"]
[WhiteTeam "SV Königsjäger Süd-West e.V."]
[BlackTeam "Hamburger SK von 1830 eV"]
[PlyCount "0"]
[Annotator "Rnd./Pair./Board: 07.001.04"]

1. c4 e5 2. Nc3 Nf6 3. Nf3 Nc6 4. e4 d6 5. d3 g6 6. g3 Bg7 7. Bg2 O-O 8. O-O h6 9. h3 Kh7 10. Be3 Be6 11. Kh2 Nd7 12. Ne1 f5 13. f4 fxe4 14. Bxe4 Nf6 15. f5 Nxe4 16. fxg6+ Kxg6 17. Rxf8 Qxf8 18. Nxe4 Qf1 19. Ng2 Qxd1 20. Rxd1 Rf8 21. a3 Ne7 22. g4 Ng8 23. Nh4+ Kh7 24. Kg2 Ne7 25. Rf1 Rxf1 26. Kxf1 Ng6 27. Nf3 Nf4 28. Bxf4 exf4 29. Neg5+ hxg5 30. Nxg5+ Kh6 31. Nxe6 Bxb2 32. Nxf4 Bxa3 33. h4 a5 34. Nd5 c6 35. Nb6 Bc5 36. Na4 b5 37. cxb5 cxb5 38. Nc3 b4 39. Na4 Bd4 40. Ke2 b3 41. Kd2 Kg6 42. Nc3 b2 43. Nb1 Bf2 44. Kc3 Bxh4 45. Kxb2 Be1 46. Na3 Kg5 47. Nc4 Bb4 48. Ne3 Bc5 49. Nc4 a4 50. Kc3 a3 51. Kb3 Kxg4 52. d4 Bxd4 53. Nxd6 1/2-1/2

[Event "NDVM 2025 U16"]
[Site "Binz"]
[Date "2025.09.08"]
[Round "7.1"]
[White "Direk, Oguzhan"]
[Black "Helms, Finn"]
[Result "1-0"]
[EventDate "2025.09.05"]
[Time "08:30:00"]
[Board "1"]
[WhiteElo "2013"]
[BlackElo "2106"]
[WhiteNrv "1925"]
[BlackNrv "2105"]
[WhiteTwz "1925"]
[BlackTwz "2105"]
[WhiteTitle "-"]
[BlackTitle "-"]
[WhiteFideId "16294343"]
[BlackFideId "16249143"]
[WhiteNatFedId "10749313"]
[BlackNatFedId "10635853"]
[WhiteAttr "M"]
[BlackAttr "M"]
[WhiteTeam "Hagener SV"]
[BlackTeam "SAbt SV Werder Bremen"]
[PlyCount "0"]
[Annotator "Rnd./Pair./Board: 07.002.01"]

1. d4 Nf6 2. Nc3 d5 3. Bf4 a6 4. e3 Bf5 5. f3 c5 6. g4 Bd7 7. g5 Nh5 8. Nxd5 Nxf4 9. Nxf4 e5 10. dxe5 Qxg5 11. Qd2 Qh4+ 12. Qf2 Be7 13. Nd5 Qh5 14. O-O-O Qxe5 15. f4 Qd6 16. e4 Bg4 17. e5 Qc6 18. Bg2 Bxd1 19. Nf6+ gxf6 20. Bxc6+ Nxc6 21. exf6 Bxf6 22. Kxd1 Bxb2 23. c3 O-O-O+ 24. Kc2 Ba3 25. Nf3 c4 26. Nd2 Rd5 27. Nxc4 Bc5 28. Qg2 Rhd8 29. Re1 Kb8 30. Ne5 Nxe5 31. Rxe5 Rxe5 32. fxe5 Bb6 33. Qg7 Bc7 34. Qxf7 Bxe5 35. Qe7 Bc7 36. Qxh7 Rf8 37. h4 Rf3 38. Qh8+ Ka7 39. h5 Rh3 40. h6 Rh5 41. h7 Be5 42. Qg8 Rh3 43. Qg1+ Ka8 44. Qc5 Bxc3 45. Qc8+ 1-0

[Event "NDVM 2025 U16"]
[Site "Binz"]
[Date "2025.09.08"]
[Round "7.2"]
[White "Jablonski, Ture"]
[Black "Möller, Tom"]
[Result "1-0"]
[EventDate "2025.09.05"]
[Time "08:30:00"]
[Board "2"]
[WhiteElo "1855"]
[BlackElo "1919"]
[WhiteNrv "1787"]
[BlackNrv "1920"]
[WhiteTwz "1787"]
[BlackTwz "1920"]
[WhiteTitle "-"]
[BlackTitle "-"]
[WhiteFideId "34640452"]
[BlackFideId "16287215"]
[WhiteNatFedId "10724973"]
[BlackNatFedId "10713995"]
[WhiteAttr "M"]
[BlackAttr "M"]
[WhiteTeam "SAbt SV Werder Bremen"]
[BlackTeam "Hagener SV"]
[PlyCount "0"]
[Annotator "Rnd./Pair./Board: 07.002.02"]

1. d4 d5 2. Nf3 c6 3. c4 e6 4. cxd5 exd5 5. Nc3 Bd6 6. Qc2 f5 7. Bg5 Nf6 8. e3 O-O 9. Bd3 Qd7 10. O-O Ne4 11. Bf4 Bxf4 12. exf4 Qd6 13. Ne5 Nxc3 14. bxc3 Be6 15. Rfe1 Nd7 16. Nxd7 Bxd7 17. Re5 g6 18. Qb2 b5 19. a3 a5 20. Rb1 Rab8 21. Be2 c5 22. Bf3 Bc6 23. dxc5 Qxc5 24. Qb3 Rfd8 25. Rd1 a4 26. Qb4 Qxb4 27. cxb4 Rbc8 28. Rc1 Ba8 29. Rxc8 Rxc8 30. Kf1 Rc3 31. Re8+ Kg7 32. Rxa8 Rxa3 33. Ra5 d4 34. Rxb5 Rb3 35. Bd1 Rb1 36. Ke1 a3 37. Ra5 Rxb4 38. Rxa3 Rb7 39. Rh3 Rd7 40. Kd2 Kf6 41. Rb3 Ke6 42. Kd3 Rc7 43. Bf3 Rc1 44. Rb2 g5 45. Rb6+ Kf7 46. fxg5 Rh1 47. h3 Rb1 48. Rxb1 1-0

[Event "NDVM 2025 U16"]
[Site "Binz"]
[Date "2025.09.08"]
[Round "7.1"]
[White "Zobel, Christian"]
[Black "Ishcenko, Volodymyr"]
[Result "1-0"]
[EventDate "2025.09.05"]
[Time "08:30:00"]
[Board "1"]
[WhiteElo "2212"]
[BlackElo "1586"]
[WhiteNrv "2177"]
[BlackNrv "1574"]
[WhiteTwz "2177"]
[BlackTwz "1574"]
[WhiteTitle "CM"]
[BlackTitle "-"]
[WhiteFideId "16259068"]
[BlackFideId "34660208"]
[WhiteNatFedId "10660429"]
[BlackNatFedId "10791869"]
[WhiteAttr "M"]
[BlackAttr "M"]
[WhiteTeam "SC Borussia Lichtenberg"]
[BlackTeam "Delmenhorster SK V 1931"]
[PlyCount "0"]
[Annotator "Rnd./Pair./Board: 07.003.01"]

1. d4 Nf6 2. c4 e6 3. a3 b6 4. Nc3 Bb7 5. e3 Be7 6. Nf3 O-O 7. Bd3 d5 8. O-O Nbd7 9. Qe2 c5 10. cxd5 exd5 11. dxc5 bxc5 12. Rd1 d4 13. exd4 Bxf3 14. Qxf3 cxd4 15. Ne2 Bc5 16. b4 Bb6 17. Bb2 Ne5 18. Qf4 Re8 19. Nxd4 Nxd3 20. Rxd3 Re4 21. Qd2 Qd5 22. Ne2 Qe6 23. Ng3 Rh4 24. Rd6 Qb3 25. Bxf6 gxf6 26. Nf5 Rg4 27. Nh6+ Kg7 28. Nxg4 Rc8 29. Qh6+ Kh8 30. Qxf6+ Kg8 31. Nh6+ Kf8 32. Rd7 Rc2 33. Qh8# 1-0

[Event "NDVM 2025 U16"]
[Site "Binz"]
[Date "2025.09.08"]
[Round "7.2"]
[White "Wander, Nikita"]
[Black "Pimenov, Danil"]
[Result "0-1"]
[EventDate "2025.09.05"]
[Time "08:30:00"]
[Board "2"]
[WhiteElo "1592"]
[BlackElo "1966"]
[WhiteNrv "1486"]
[BlackNrv "1939"]
[WhiteTwz "1486"]
[BlackTwz "1939"]
[WhiteTitle "-"]
[BlackTitle "-"]
[WhiteFideId "16294092"]
[BlackFideId "34600248"]
[WhiteNatFedId "10724971"]
[BlackNatFedId "10705507"]
[WhiteAttr "M"]
[BlackAttr "M"]
[WhiteTeam "Delmenhorster SK V 1931"]
[BlackTeam "SC Borussia Lichtenberg"]
[PlyCount "0"]
[Annotator "Rnd./Pair./Board: 07.003.02"]

1. e4 c5 2. Nf3 Nc6 3. d4 cxd4 4. Nxd4 Nf6 5. Nc3 e5 6. Nf3 Bb4 7. Bd2 O-O 8. Bd3 d5 9. Qe2 d4 10. Nd1 Qd6 11. O-O Bg4 12. Bg5 h6 13. Bh4 Ne7 14. h3 Bh5 15. Bg3 Ng6 16. a3 Ba5 17. b4 Bc7 18. Nb2 Nh7 19. Bh2 Ng5 20. Nc4 Bxf3 21. gxf3 Qf6 22. Bg3 Nxh3+ 23. Kh1 Ngf4 24. Qe1 h5 25. Bh2 Nxd3 0-1

[Event "NDVM 2025 U16"]
[Site "Binz"]
[Date "2025.09.08"]
[Round "7.3"]
[White "Svanidze, Alexander"]
[Black "Rabe, Elina"]
[Result "1-0"]
[EventDate "2025.09.05"]
[Time "08:30:00"]
[Board "3"]
[WhiteElo "1815"]
[BlackElo "1546"]
[WhiteNrv "1807"]
[BlackNrv "1497"]
[WhiteTwz "1807"]
[BlackTwz "1497"]
[WhiteTitle "-"]
[BlackTitle "-"]
[WhiteFideId "34623469"]
[BlackFideId "34623531"]
[WhiteNatFedId "10768095"]
[BlackNatFedId "10727097"]
[WhiteAttr "M"]
[BlackAttr "W"]
[WhiteTeam "SC Borussia Lichtenberg"]
[BlackTeam "Delmenhorster SK V 1931"]
[PlyCount "0"]
[Annotator "Rnd./Pair./Board: 07.003.03"]

1. e4 e5 2. Nf3 Nc6 3. Bc4 Bc5 4. c3 Nf6 5. d3 d6 6. Nbd2 O-O 7. O-O a6 8. a4 Bd7 9. h3 h6 10. Re1 Re8 11. Nf1 Ne7 12. d4 exd4 13. cxd4 Bb4 14. Bd2 Bxd2 15. Qxd2 Ng6 16. Ng3 c6 17. e5 dxe5 18. dxe5 Nh7 19. Rad1 Nhf8 20. Qc3 Qc7 21. Re3 Be6 22. Rde1 Rad8 23. Bd3 Nf4 24. Bc2 Nd5 25. Qa3 Nxe3 26. Qxe3 Ng6 27. Nh5 Qd7 28. Kh2 Bf5 29. Rd1 Qc8 30. Rxd8 Rxd8 31. Bb3 Be6 32. Bc2 Qd7 33. g3 Bf5 34. Nf6+ gxf6 35. exf6 Kh7 36. Ng5+ hxg5 37. Qxg5 Qd2 38. Qh5+ Qh6 39. Qxf5 Rd2 40. Bb3 Qe3 41. Qh5+ Kg8 42. Qxg6+ 1-0

[Event "NDVM 2025 U16"]
[Site "Binz"]
[Date "2025.09.08"]
[Round "7.1"]
[White "Kuhlmann, Nils Magnus"]
[Black "Bräutigam, Alexander"]
[Result "1/2-1/2"]
[EventDate "2025.09.05"]
[Time "08:30:00"]
[Board "1"]
[WhiteElo "1841"]
[BlackElo "2166"]
[WhiteNrv "1790"]
[BlackNrv "2155"]
[WhiteTwz "1790"]
[BlackTwz "2155"]
[WhiteTitle "-"]
[BlackTitle "-"]
[WhiteFideId "16287177"]
[BlackFideId "16245210"]
[WhiteNatFedId "10827143"]
[BlackNatFedId "10624201"]
[WhiteAttr "M"]
[BlackAttr "M"]
[WhiteTeam "USC Magdeburg"]
[BlackTeam "SK Doppelbauer Kiel von 1910"]
[PlyCount "0"]
[Annotator "Rnd./Pair./Board: 07.004.01"]

1. e4 c5 2. c3 d5 3. exd5 Qxd5 4. Nf3 g6 5. Na3 Bg7 6. Bc4 Qd8 7. O-O Nf6 8. d4 O-O 9. dxc5 Nbd7 10. Qe2 Nxc5 11. Rd1 Ncd7 12. Bf4 a6 13. Ne5 Qe8 14. Nxd7 Bxd7 15. Re1 b5 16. Bb3 Nh5 17. Be5 Bh6 18. Bd4 Bg5 19. Bd5 Bc6 20. Qe5 Bf6 21. Bxc6 Qxc6 22. Qc5 Qxc5 23. Bxc5 Rae8 24. Rad1 e6 25. Nc2 Nf4 26. g3 Rc8 27. Bd4 Bxd4 28. Rxd4 Nd5 29. Ne3 Nxe3 30. Rxe3 1/2-1/2

[Event "NDVM 2025 U16"]
[Site "Binz"]
[Date "2025.09.08"]
[Round "7.2"]
[White "Farokhi, Darian"]
[Black "Pham, Jacky"]
[Result "0-1"]
[EventDate "2025.09.05"]
[Time "08:30:00"]
[Board "2"]
[WhiteElo "1851"]
[BlackElo "1647"]
[WhiteNrv "1831"]
[BlackNrv "1680"]
[WhiteTwz "1831"]
[BlackTwz "1680"]
[WhiteTitle "-"]
[BlackTitle "-"]
[WhiteFideId "16253108"]
[BlackFideId "34611606"]
[WhiteNatFedId "10642131"]
[BlackNatFedId "10766089"]
[WhiteAttr "M"]
[BlackAttr "M"]
[WhiteTeam "SK Doppelbauer Kiel von 1910"]
[BlackTeam "USC Magdeburg"]
[PlyCount "0"]
[Annotator "Rnd./Pair./Board: 07.004.02"]

1. e4 c5 2. Nf3 e6 3. c3 Nf6 4. e5 Nd5 5. d4 Nc6 6. Bc4 d6 7. exd6 Bxd6 8. O-O O-O 9. Bxd5 exd5 10. dxc5 Bxc5 11. Nd4 Nxd4 12. cxd4 Bd6 13. Qf3 Qh4 14. h3 Qxd4 15. Rd1 Qe5 16. Qxd5 Qh2+ 17. Kf1 Bc7 18. Be3 Be6 19. Qe4 Rfe8 20. Qf3 Bc4+ 21. Ke1 Qg1+ 22. Kd2 Rad8+ 23. Kc2 Rxd1 24. Qxd1 Qxg2 25. Qd7 Qe4+ 26. Kc1 Bf4 27. Nd2 Bxe3 28. fxe3 Qxe3 29. Kc2 Ba6 30. b4 Qe2 31. Rf1 Qe6 32. Qxe6 Rxe6 33. Rf3 Bb5 34. Rc3 Rc6 35. Ne4 Rxc3+ 36. Kxc3 Kf8 37. Nd6 Bc6 38. b5 Bd7 39. h4 Ke7 40. Nxb7 Bxb5 41. Nc5 f5 42. Kd4 Kf6 43. a4 Bc6 44. Ke3 g5 45. hxg5+ Kxg5 46. a5 f4+ 47. Kf2 Kf5 48. Nb3 Ke4 49. Nc1 h5 50. Ne2 a6 51. Ng1 Bd7 52. Nf3 Ba4 53. Nd2+ Kd5 54. Nb3 Kc4 55. Nc1 f3 56. Kg3 Kb4 57. Nd3+ Kxa5 58. Nc5 Kb5 59. Nxa6 Kxa6 0-1

[Event "NDVM 2025 U16"]
[Site "Binz"]
[Date "2025.09.08"]
[Round "7.3"]
[White "Schönherr, Stijn"]
[Black "Charchulla, Moritz"]
[Result "0-1"]
[EventDate "2025.09.05"]
[Time "08:30:00"]
[Board "3"]
[WhiteElo "1664"]
[BlackElo "1770"]
[WhiteNrv "1654"]
[BlackNrv "1702"]
[WhiteTwz "1654"]
[BlackTwz "1702"]
[WhiteTitle "-"]
[BlackTitle "-"]
[WhiteFideId "34611622"]
[BlackFideId "34607579"]
[WhiteNatFedId "10756305"]
[BlackNatFedId "10737333"]
[WhiteAttr "M"]
[BlackAttr "M"]
[WhiteTeam "USC Magdeburg"]
[BlackTeam "SK Doppelbauer Kiel von 1910"]
[PlyCount "0"]
[Annotator "Rnd./Pair./Board: 07.004.03"]

1. e4 e5 2. Nf3 Nc6 3. Nc3 Nf6 4. d4 exd4 5. Nxd4 Bb4 6. Nxc6 bxc6 7. Bg5 h6 8. Bxf6 Qxf6 9. Qd3 d5 10. exd5 Bxc3+ 11. bxc3 cxd5 12. Qe3+ Qe6 13. Bb5+ Bd7 14. Bxd7+ Kxd7 15. O-O Qxe3 16. fxe3 Ke6 17. Rab1 Rab8 18. Kf2 Rb6 19. Ke2 Rhb8 20. Rb3 c5 21. Rfb1 Ke5 22. Rf1 f6 23. Kf3 c4 24. Ra3 R8b7 25. Re1 f5 26. h3 Rb2 27. Re2 g5 28. g4 fxg4+ 29. Kxg4 Ke4 30. Ra6 R2b6 31. Ra5 a6 32. Rc5 Rf7 33. Rc8 Rff6 34. a3 Rbe6 35. Rd8 Rf8 0-1

[Event "NDVM 2025 U16"]
[Site "Binz"]
[Date "2025.09.08"]
[Round "7.4"]
[White "Johannsen, Bjarne"]
[Black "Nozdrin, Konstantin"]
[Result "1-0"]
[EventDate "2025.09.05"]
[Time "08:30:00"]
[Board "4"]
[WhiteElo "1647"]
[BlackElo "1701"]
[WhiteNrv "1403"]
[BlackNrv "1265"]
[WhiteTwz "1403"]
[BlackTwz "1265"]
[WhiteTitle "-"]
[BlackTitle "-"]
[WhiteFideId "34671633"]
[BlackFideId "533038821"]
[WhiteNatFedId "10767815"]
[BlackNatFedId "10700121"]
[WhiteAttr "M"]
[BlackAttr "M"]
[WhiteTeam "SK Doppelbauer Kiel von 1910"]
[BlackTeam "USC Magdeburg"]
[PlyCount "0"]
[Annotator "Rnd./Pair./Board: 07.004.04"]

1. e4 c5 2. Nf3 Nc6 3. d4 cxd4 4. Nxd4 e5 5. Nb5 Nf6 6. N5c3 d6 7. Bd3 Be6 8. Bg5 Be7 9. Bxf6 Bxf6 10. Nd5 Bxd5 11. exd5 Ne7 12. c4 O-O 13. O-O Ng6 14. Qc2 a6 15. Nc3 Rc8 16. b3 Qa5 17. Ne4 Be7 18. Ng3 b5 19. Qe2 Nf4 20. Qe4 g6 21. cxb5 axb5 22. b4 Qa4 23. Ne2 Nxd3 24. Qxd3 Qxb4 25. Rfb1 Qc4 26. Qxc4 bxc4 27. Nc3 Bf6 28. Rb4 e4 29. Rc1 Rfe8 30. Nb5 Bg5 31. Rcxc4 Rxc4 32. Rxc4 Re5 33. Nc3 e3 34. fxe3 Bxe3+ 35. Kf1 Bd2 36. Ne4 Rxd5 37. Nf6+ Kg7 38. Nxd5 1-0

[Event "NDVM 2025 U16"]
[Site "Binz"]
[Date "2025.09.08"]
[Round "7.1"]
[White "Peilert, Maximilian"]
[Black "Al Amin, Sami"]
[Result "1-0"]
[EventDate "2025.09.05"]
[Time "08:30:00"]
[Board "1"]
[WhiteElo "1784"]
[BlackElo "1861"]
[WhiteNrv "1868"]
[BlackNrv "1781"]
[WhiteTwz "1868"]
[BlackTwz "1781"]
[WhiteTitle "-"]
[BlackTitle "-"]
[WhiteFideId "34686312"]
[BlackFideId "34691910"]
[WhiteNatFedId "10653655"]
[BlackNatFedId "10833287"]
[WhiteAttr "M"]
[BlackAttr "M"]
[WhiteTeam "Think Rochade - SC HRO"]
[BlackTeam "SchVgg Blankenese von 1923 e.V."]
[PlyCount "0"]
[Annotator "Rnd./Pair./Board: 07.005.01"]

1. d4 Nf6 2. c4 e6 3. Nf3 d5 4. g3 dxc4 5. Bg2 Nbd7 6. O-O c5 7. Na3 cxd4 8. Nxc4 Qc7 9. Qxd4 Bc5 10. Qc3 O-O 11. Bf4 Qd8 12. Qc2 Nd5 13. Ng5 N7f6 14. Bxd5 exd5 15. Be5 Ne4 16. Nxe4 dxe4 17. Qxe4 Qe7 18. Qf4 f6 19. Bd6 Bxd6 20. Nxd6 Qxe2 21. Rfe1 Qg4 22. Nxc8 Qxc8 23. Rac1 Qd8 24. Rc7 Re8 25. Rxe8+ Qxe8 26. Qg4 Qf8 27. Rxb7 f5 28. Qc4+ Kh8 29. Qf7 Qxf7 30. Rxf7 g6 31. Rb7 a5 32. a4 1-0

[Event "NDVM 2025 U16"]
[Site "Binz"]
[Date "2025.09.08"]
[Round "7.1"]
[White "Böhler, Yannic"]
[Black "Drechsler, Andor"]
[Result "0-1"]
[EventDate "2025.09.05"]
[Time "08:30:00"]
[Board "1"]
[WhiteElo "1848"]
[BlackElo "1747"]
[WhiteNrv "1865"]
[BlackNrv "1860"]
[WhiteTwz "1865"]
[BlackTwz "1860"]
[WhiteTitle "-"]
[BlackTitle "-"]
[WhiteFideId "34609059"]
[BlackFideId "16266900"]
[WhiteNatFedId "10763953"]
[BlackNatFedId "10685473"]
[WhiteAttr "M"]
[BlackAttr "M"]
[WhiteTeam "SC Schachelschweine e.V."]
[BlackTeam "SAV Torgelow-Drögeheide 90"]
[PlyCount "0"]
[Annotator "Rnd./Pair./Board: 07.006.01"]

1. c4 Nf6 2. g3 g6 3. Bg2 Bg7 4. Nc3 O-O 5. e4 d6 6. Nge2 c5 7. O-O Nc6 8. Rb1 Bd7 9. a3 a5 10. h3 Rb8 11. d3 Na7 12. b4 axb4 13. axb4 cxb4 14. Rxb4 b5 15. cxb5 Nxb5 16. Nxb5 Rxb5 17. Rxb5 Bxb5 18. Qb3 Ba6 19. Be3 Qb8 20. Rb1 Qxb3 21. Rxb3 Bc8 22. d4 Rd8 23. g4 Ba6 24. Nc3 h6 25. Rb6 Bd3 26. f3 e6 27. Bf1 Bxf1 28. Kxf1 d5 29. g5 hxg5 30. Bxg5 Rc8 31. e5 Rxc3 32. exf6 Bxf6 33. Rb8+ Kh7 34. Bxf6 Rxf3+ 35. Kg2 Rxf6 36. Kg3 Rf1 37. h4 Kg7 38. Kg4 Re1 39. Rb4 Re4+ 40. Kg5 f6# 0-1

[Event "NDVM 2025 U16"]
[Site "Binz"]
[Date "2025.09.08"]
[Round "7.1"]
[White "Tulchynsky, Mark"]
[Black "Erk, Ben"]
[Result "1/2-1/2"]
[EventDate "2025.09.05"]
[Time "08:30:00"]
[Board "1"]
[WhiteElo "1830"]
[BlackElo "1835"]
[WhiteNrv "1841"]
[BlackNrv "1605"]
[WhiteTwz "1841"]
[BlackTwz "1605"]
[WhiteTitle "-"]
[BlackTitle "-"]
[WhiteFideId "34617698"]
[BlackFideId "533010803"]
[WhiteNatFedId "10678759"]
[BlackNatFedId "10838769"]
[WhiteAttr "M"]
[BlackAttr "M"]
[WhiteTeam "KSV Rochade Göttingen (Veltheim)"]
[BlackTeam "SK Weisse Dame Hamburg"]
[PlyCount "0"]
[Annotator "Rnd./Pair./Board: 07.007.01"]

1. e4 d5 2. exd5 Nf6 3. d4 Nxd5 4. c4 Nb6 5. Nc3 g6 6. Be3 Bg7 7. Qd2 Nc6 8. O-O-O h5 9. Be2 e6 10. f4 Bd7 11. Nf3 Qe7 12. Rhe1 O-O-O 13. Bf2 f6 14. Bd3 Qf7 15. Be3 Nb4 16. Be2 e5 17. d5 exf4 18. Bxf4 g5 19. Bg3 Bh6 20. Nd4 Rde8 21. h4 Bg4 22. b3 Bxe2 23. Rxe2 Qg6 24. hxg5 Bxg5 25. Bf4 Bxf4 26. Qxf4 Nd3+ 27. Rxd3 Qxd3 28. Ncb5 Na8 29. Qxf6 Rhf8 30. Rxe8+ Rxe8 31. Nxa7+ Kb8 32. Ndc6+ bxc6 33. Nxc6+ Kc8 34. Ne7+ Rxe7 35. Qxe7 Qc3+ 1/2-1/2